| 000 | 00682nam a2200253Ia 4500 | ||
|---|---|---|---|
| 001 | 37728 | ||
| 005 | 20240114001943.0 | ||
| 007 | ta | ||
| 008 | 070616s1910 g b000 u 465 u | ||
| 040 | _aCotton College,Assam | ||
| 041 | _a465 | ||
| 082 |
_a944.04 _bG 168 F |
||
| 100 | _aGardiner, Bertha Meriton . | ||
| 245 | 0 |
_aThe French Revolution 1789- 1795 / _cBertha Meriton Gardiner. _hTextual Documents |
|
| 250 | _a1st ed. / | ||
| 260 |
_aNew York : _bLongmans Green & Co , _c1910. |
||
| 300 |
_avii,262p. ; _c19cm. |
||
| 504 | _aIndex | ||
| 653 | _aFrench Revolution | ||
| 653 | _aG-History | ||
| 942 |
_2ddc _cBK |
||
| 999 |
_c37704 _d37704 |
||